| 000 | 00000nam##2200000za#4500 |
| 001 | 9.640112 |
| 003 | CaOODSP |
| 005 | 20240212134143 |
| 007 | cr ||||||||||| |
| 008 | 150407|1997||||xxc|||||o f|0| 0 fre|d |
| 040 | |aCaOODSP|bfre |
| 043 | |an-cn--- |
| 086 | 1 |aNE23-27/1997F-PDF |
| 110 | 1 |aCanada. |bOffice national de l'énergie. |
| 245 | 10|aÉvaluation du marché du gaz naturel : |h[ressource électronique]|bcontrats à long terme d'approvisionnement en gaz natural canadien : mise à jour |
| 260 | |aCalgary - Alberta : |bOffice national de l'énergie |cJanvier 1997. |
| 300 | |a54p.|bfigure, glossaire, graphiques, tableaux |
| 500 | |aLe n° de catalogue (NE23-27/1997F) et l'ISBN (0-662-81752-4) de l'édition imprimée ont été incorrectement copiés dans cette édition électronique. |
| 590 | |a12-21-Supp|b2012-05-18 |
| 691 | 07|aDisponibilités énergétiques|2gcpds |
| 691 | 07|aGestion énergétique|2gcpds |
| 691 | 07|aGaz naturel|2gcpds |
| 775 | 08|tNatural gas market assessment : |w(CaOODSP)9.695995 |
| 776 | 0#|tÉvaluation du marché du gaz naturel: contrats à long terme d'approvisionnement en gaz natural canadien: mise à jour |w(CaOODSP)9.679990 |
| 856 | 40|ahttp://publications.gc.ca|qPDF|s480 Ko|uhttps://publications.gc.ca/collections/Collection/NE23-27-1997F.pdf |